[Event "Stay Safe Play From Home 224"]
[Site "T#646781Emanuel Laske"]
[Date "2020.06.14"]
[Round "1"]
[White "Mepe_Nika"]
[Black "EL sanbary"]
[Result "1-0"]
[WhiteElo "2362"]
[BlackElo "1894"]
[Annotator "TA"]
[PlyCount "83"]
[EventDate "2020.06.14"]
[EventType "swiss (blitz)"]

{[%evp 12,83,10,18,33,39,33,43,40,18,43,42,46,25,33,22,89,24,119,114,272,104,70,0,0,-98,37,4,373,279,808,805,805,788,816,796,845,804,799,791,852,821,993,977,967,922,814,766,713,644,621,631,801,759,981,962,1093,805,904,883,6083,5693,1386,649,619,613,588,472,736,731,5220,682,943,925]} 1. d4 d5 2. Bf4 e6 3. e3 Nf6 4. c4 Be7 5. Nc3 O-O 6. Nf3 b6 7. Qc2 dxc4 {D37: Queen's Gambit Declined: 5 Bf4.} 8. Bxc4 {[#]} Ba6 $146 ({Predecessor:} 8... Bb7 9. O-O-O Bb4 10. Bd3 Bxc3 11. bxc3 Qe7 12. e4 Ba6 13. c4 Nc6 14. e5 Qa3+ 15. Qb2 Qxb2+ 16. Kxb2 {1-0 (32) Banikas,H (2593)-Stubberud,O (2322) Rethymno 2011}) 9. Bxa6 Nxa6 {White is slightly better.} 10. O-O c5 11. Rfd1 cxd4 12. Nxd4 Qc8 13. Ndb5 Nc5 (13... Nd5 $11) 14. b4 ({White should play} 14. Nc7 $16) 14... Nb7 (14... Nce4 $11 {keeps the balance.}) 15. Nc7 $16 Rb8 $2 {[#]} (15... Bxb4 $16 16. Nxa8 Bxc3) 16. Qb3 $2 (16. N3b5 $1 $18 {[%cal Rb5a7] and the rest is easy.} Nd8 17. Rac1 (17. Nxa7 Qb7 $18)) 16... Nh5 17. Na6 (17. Be5 $14 Bf6 18. Bxf6 Nxf6 19. N3b5) 17... Nxf4 $11 18. exf4 (18. Nxb8 $11 Qxc3 19. Nd7 Ne2+ 20. Kf1) 18... Ra8 (18... Na5 $1 $17 {[%cal Ra5b3]} 19. bxa5 Qxa6) 19. Rac1 $36 {[%mdl 2048] aiming for Nd5. White fights for an advantage.} Bf6 $2 {[%mdl 8192] [#] White now steadily converts the win.} (19... Na5 $1 $11 20. bxa5 Qxa6) 20. Nb5 Rd8 $2 (20... Nc5) 21. Rxc8 $18 {White is clearly winning.} Raxc8 22. Rxd8+ Rxd8 23. g4 Nd6 24. Nxd6 Rxd6 25. Qf3 g6 26. Qa8+ Kg7 27. Qxa7 Rd2 28. Qxb6 Bd4 29. Qc6 Rxf2 30. Kh1 Rxf4 31. Kg2 e5 32. Nc5 Rf2+ 33. Kg3 Rxa2 34. Qf3 h6 35. Ne4 g5 36. Qf6+ Kg8 37. Nxg5 hxg5 38. Qxg5+ Kf8 39. Qc1 Ke7 (39... e4 $142 40. Qf4 Bg1 41. Qh6+ Ke8) 40. g5 Ra3+ 41. Kg4 (41. Qxa3 $142 Ke6 42. b5) 41... Re3 42. Qc7+ {Accuracy: White = 45%, Black = 24%.} 1-0

[Event "Stay Safe Play From Home 224"]
[Site "T#646781Emanuel Laske"]
[Date "2020.06.14"]
[Round "1"]
[White "Rogan"]
[Black "Edmatuag"]
[Result "1-0"]
[WhiteElo "2239"]
[BlackElo "1683"]
[Annotator "TA"]
[PlyCount "63"]
[EventDate "2020.06.14"]
[EventType "swiss (blitz)"]

{[%evp 9,63,0,0,-4,0,-5,9,-34,-24,-18,0,0,45,-10,13,0,0,-7,-2,-20,0,-46,0,0,0,10,0,0,35,35,107,108,108,105,191,147,139,140,147,132,200,132,134,135,130,89,100,104,97,72,110,91,104,43,149,89]} 1. d4 d5 2. c3 Nf6 3. Nf3 e6 4. Bg5 Be7 5. e3 O-O 6. Bd3 {D02: 1 d4 d5 2 Nf3 sidelines, including 2...Nf6 3 g3 and 2...Nf6 3 Bf4.} h6 7. Bh4 Nh5 8. Bg3 {The position is equal.} Nxg3 9. hxg3 Nd7 {[#]} 10. Nbd2 $146 ({Predecessor:} 10. Bc2 Nf6 11. Ne5 c5 12. g4 cxd4 13. exd4 Ne4 14. Nd2 Nxd2 15. Qxd2 Bg5 16. Qd3 {0-1 (43) Tsai,C (1587)-Falk,C (1138) San Francisco 2005}) 10... Bf6 11. O-O (11. e4 $14) 11... e5 {Threatening ...e4.} 12. dxe5 Nxe5 13. Nxe5 Bxe5 14. Bc2 Bf6 15. Nf3 Bg4 (15... g6 $15) 16. Qd3 $11 {[%csl Gc2][%cal Rd3h7] [#]} g6 17. Rad1 c6 18. e4 {[%cal Re4d5]} Bxf3 19. Qxf3 {[%cal Re4d5]} Bg7 (19... dxe4 $14 20. Bxe4 (20. Rxd8 exf3 21. Rd7 fxg2 $11) (20. Qxe4 Qc7 $11) 20... Qe7) 20. exd5 $16 cxd5 21. Rxd5 Qb6 (21... Qe7 $16 22. Rdd1 Rad8) 22. Rd7 {Hoping for Bb3.} Qxb2 23. Bb3 Rac8 24. Rxf7 Rxf7 (24... Kh7 $16 25. Qxb7 Rxf7 26. Qxf7 Qxc3 27. Qxa7 h5) 25. Qxf7+ Kh7 26. Qxb7 Qxc3 27. Rd1 Qc7 28. Qd5 Rf8 29. Rd3 Qb6 30. Rf3 {[#] Black must now prevent Rxf8.} Qd8 31. Rxf8 (31. Qxd8 $16 Rxd8 32. Rf7) 31... Qxf8 (31... Qxd5 $14 32. Bxd5 Bxf8) 32. Bc2 {Accuracy: White = 60%, Black = 56%.} (32. g4 $142) 1-0

[Event "Stay Safe Play From Home 224"]
[Site "T#646781Emanuel Laske"]
[Date "2020.06.14"]
[Round "1"]
[White "SoulofWolf"]
[Black "Shyamph1980"]
[Result "1-0"]
[WhiteElo "2131"]
[BlackElo "1520"]
[Annotator "NA"]
[PlyCount "47"]
[EventDate "2020.06.14"]
[EventType "swiss (blitz)"]

1. d4 {[%emt 0:00:00]} Nf6 {[%emt 0:00:04]} 2. Nf3 {[%emt 0:00:00]} e6 {[%emt 0:00:02]} 3. c4 {[%emt 0:00:01]} b6 {[%emt 0:00:03]} 4. e3 {[%emt 0:00:00]} Bb7 {[%emt 0:00:02]} 5. Bd3 {[%emt 0:00:01]} Bb4+ {[%emt 0:00:05]} 6. Bd2 {[%emt 0:00:01]} Bxd2+ {[%emt 0:00:02]} 7. Nbxd2 {[%emt 0:00:00]} d5 {[%emt 0:00:05]} 8. b3 {[%emt 0:00:01]} Nbd7 {[%emt 0:00:02]} 9. O-O {[%emt 0:00:01]} O-O {[%emt 0:00:01]} 10. Rc1 {[%emt 0:00:02]} c5 {[%emt 0:00:01]} 11. Re1 {[%emt 0:00:01]} cxd4 {[%emt 0:00:01]} 12. exd4 {[%emt 0:00:00]} Rc8 {[%emt 0:00:01]} 13. Qe2 {[%emt 0:00:02]} Re8 {[%emt 0:00:02]} 14. h3 {[%emt 0:00:01]} Nh5 {[%emt 0:00:03]} 15. Qe3 {[%emt 0:00:02]} Nhf6 {[%emt 0:00:01]} 16. Re2 {[%emt 0:00:02]} h6 {[%emt 0:00:01]} 17. Rce1 {[%emt 0:00:01]} dxc4 {[%emt 0:00:01]} 18. bxc4 {[%emt 0:00:01]} Qc7 {[%emt 0:00:01]} 19. Bb1 {[%emt 0:00:02]} Qc6 {[%emt 0:00:02]} 20. Qd3 {[%emt 0:00:01]} Qa4 {[%emt 0:00:02]} 21. Rc1 {[%emt 0:00:03]} Rc7 {[%emt 0:00:02]} 22. Ne5 {[%emt 0:00:03]} Nxe5 {[%emt 0:00:02]} 23. dxe5 {[%emt 0:00:00]} Rd8 {[%emt 0:00:03]} 24. Qxd8+ {[%emt 0:00:05] Shyamph1980 resigns (Lag: Av=0.69s, max=1.1s)} 1-0

[Event "Stay Safe Play From Home 224"]
[Site "T#646781Emanuel Laske"]
[Date "2020.06.14"]
[Round "1"]
[White "Haxhi Baha"]
[Black "Lazieri3"]
[Result "0-1"]
[WhiteElo "2021"]
[BlackElo "2067"]
[Annotator "TA"]
[PlyCount "86"]
[EventDate "2020.06.14"]
[EventType "swiss (blitz)"]

{[%evp 9,86,40,61,53,46,0,22,0,0,-26,0,0,0,-39,7,-81,77,76,80,73,81,83,207,116,374,367,365,-100,334,190,204,-30,1591,-79,-6,-42,1573,1543,1543,-49,-37,-97,-54,-57,-45,-246,-25,-125,-95,-204,-168,-254,-247,-378,-370,-1086,-112,-122,-104,-160,-158,-142,563,-52,378,374,368,374,521,514,582,577,1116,521,610,602,29981,12844,12830]} 1. e4 c6 2. Nf3 d5 3. Nc3 {[%cal Bb1c3,Bc3e4,Be4g5,Bg5h3][%mdl 32]} dxe4 4. Nxe4 Nd7 5. Bc4 Ndf6 6. Neg5 {B11: Caro-Kann: Two Knights Variation.} e6 7. Qe2 Bd6 8. d4 {The position is equal.} h6 9. Nh3 Nd5 {[#]} 10. Bd2 $146 ({Predecessor:} 10. Ne5 Ngf6 11. Nf4 Qc7 12. Nfd3 O-O 13. O-O b6 14. Re1 Bb7 15. Bd2 a5 16. a3 {1-0 (46) Klovans,J (2394)-Sigrist,W (1889) Triesen 2002}) 10... Ngf6 11. O-O-O Qc7 12. Bb3 (12. Bd3 $11 {keeps the balance.}) 12... Nf4 $2 (12... b5 $17) 13. Nxf4 $16 Bxf4 14. Ne5 Bxd2+ 15. Rxd2 Nd7 {[#]} (15... a5 $16 {keeps fighting.}) 16. f4 (16. Nxf7 $1 $18 {[%mdl 512]} O-O (16... Kxf7 17. Qxe6+) 17. Ne5 (17. Bxe6 Rxf7 18. Bxf7+ Kxf7 $16) (17. Qxe6 Nc5 $15 {[%mdl 64] Discovered Attack}) 17... Nxe5 18. dxe5) 16... b6 $2 {[%mdl 8192] [#]} (16... Nxe5 $16 {was worth a try.} 17. dxe5 O-O) 17. Nxf7 $1 $18 {[%mdl 512]} O-O (17... Kxf7 18. Qxe6+) 18. Qxe6 $2 {[#]} (18. f5 $18 Nf6 19. fxe6) 18... Nf6 $2 {[%mdl 8192]} (18... Nc5 $1 $17 {stays on course.} 19. Nxh6+ Kh7) 19. Nxh6+ (19. Qe5 $142 Qd7 20. Nd8+ Kh8 21. Ne6) 19... Kh7 20. Qe3 $2 ({White must play} 20. Qe5 $18 Qd7 21. g4 gxh6 22. g5 hxg5 23. Rg2 (23. fxg5 Nd5 $16) (23. Qxg5 Qg7 $11)) 20... Kxh6 $4 {[%mdl 8192]} (20... Re8 $11 21. Qf3 gxh6) 21. h3 $2 ({White has to play} 21. f5+ $1 $18 g5 22. h4) 21... Re8 ({Black should try} 21... Nd5 $17 22. Bxd5 cxd5 23. f5+ Kh7) 22. Qg3 Nd5 $2 {[%mdl 8192]} ({Don't go for} 22... Ne4 $2 23. Qh4+ Kg6 {[#]} 24. g4 $1 $18 {[%mdl 512]}) (22... g6 $15) 23. Qg5+ Kh7 24. Rf1 $2 (24. Qh5+ $18 Kg8 25. Qxe8+ Kh7 26. Qh5+ Kg8 27. Bxd5+ cxd5 28. Qxd5+ {[%mdl 64] Double Attack} Be6 29. Qxa8+ Qc8 30. Qxa7) 24... Be6 $36 {[%mdl 2048] Black has good play.} 25. c3 ({Better is} 25. f5 $15 Bf7 26. Bxd5 Bxd5 27. b3) 25... Qe7 26. Bc2+ Kg8 27. Qh5 $2 (27. Qxe7 $15 Rxe7 28. Re2) 27... Qf6 $2 ({Black should play} 27... Nf6 $19 28. Qe2 Qf7) 28. Qh7+ (28. g4 $11 Nxf4 29. Qh7+ Kf8 30. Rdf2) 28... Kf8 29. f5 (29. g4 $17 {is a better defense.} Bg8 30. Qh8) 29... Bg8 30. Qh5 (30. Qg6 $142) 30... Ne3 $19 31. Re1 (31. Rg1 $142) 31... Nxc2 32. Kxc2 $2 (32. Rxe8+ Rxe8 33. Kxc2) 32... Qf7 $2 (32... Rxe1 $19 33. b3 Bf7) 33. Qxf7+ $17 Bxf7 34. Rde2 (34. Re5 $142) 34... Rxe2+ ({And not} 34... Bxa2 35. b3 $16) 35. Rxe2 {[%mdl 4096] Endgame KRB-KR} Bg6 $2 {[%mdl 8192]} ({Not} 35... Bxa2 36. b3 $16) (35... Bd5 $17 {and life is bright.} 36. g3 Kf7) 36. Rf2 $2 ({Only move:} 36. fxg6 $18 Rd8 37. Re6) 36... Bxf5+ $2 {[%mdl 8192]} (36... Bh7 $15) 37. Rxf5+ $15 {KR-KR} Ke7 38. Re5+ Kd6 39. Rg5 Rf8 40. Rg6+ Kd5 41. Rxg7 (41. Kd3 $142 {[%csl Gd3][%cal Rc3c4]} Rf6 42. Rxf6 gxf6 43. c4+ Ke6 44. h4) 41... Rf2+ 42. Kb3 Rxg2 43. c4+ (43. Rxg2 $142 Ke4 44. h4 Kf3 45. Rg8 Ke3 46. h5 b5 47. h6 c5 48. dxc5) 43... Ke4 {[%mdl 32768] A wild game. Accuracy: White = 18%, Black = 20%. . Sensor Board Error (Ke4/e5)?} 0-1

[Event "Stay Safe Play From Home 224"]
[Site "T#646781Emanuel Laske"]
[Date "2020.06.14"]
[Round "1"]
[White "Sfantul321"]
[Black "Justwatch"]
[Result "1-0"]
[WhiteElo "1968"]
[BlackElo "1819"]
[Annotator "NA RC"]
[PlyCount "29"]
[EventDate "2020.06.14"]
[EventType "swiss (blitz)"]

1. c4 {[%emt 0:00:02]} c5 {[%emt 0:00:03]} 2. Nc3 {[%emt 0:00:00]} d6 {[%emt 0:00:00]} 3. g3 {[%emt 0:00:01]} e6 {[%emt 0:00:00]} 4. Bg2 {[%emt 0:00:00]} Nc6 {[%emt 0:00:00]} 5. e3 {[%emt 0:00:00]} Bd7 {[%emt 0:00:00]} 6. Nge2 {[%emt 0:00:00]} Be7 {[%emt 0:00:00]} 7. O-O {[%emt 0:00:00]} Nf6 {[%emt 0:00:00]} 8. d4 {[%emt 0:00:01]} d5 {[%emt 0:00:06]} 9. cxd5 {[%emt 0:00:01]} exd5 {[%emt 0:00:00]} 10. dxc5 {[%emt 0:00:01]} Ne4 {[%emt 0:00:00]} 11. Nxd5 {[%emt 0:00:01]} Bxc5 {[%emt 0:00:03]} 12. Bxe4 {[%emt 0:00:01]} Bg4 {[%emt 0:00:01]} 13. Bg2 {[%emt 0:00:03]} Ne5 {[%emt 0:00:01]} 14. Qc2 {[%emt 0:00:02]} Qd6 {[%emt 0:00:04]} 15. Qe4 {[%emt 0:00:02] Justwatch terk eder (Lag: Av=0.31s, max=0.9s)} 1-0

[Event "Stay Safe Play From Home 224"]
[Site "T#646781Emanuel Laske"]
[Date "2020.06.14"]
[Round "1"]
[White "Trotsky"]
[Black "mehrdadahouran"]
[Result "0-1"]
[WhiteElo "1580"]
[BlackElo "1861"]
[Annotator "NA RC"]
[PlyCount "72"]
[EventDate "2020.06.14"]
[EventType "swiss (blitz)"]

1. d4 {[%emt 0:00:01]} Nf6 {[%emt 0:00:02]} 2. e3 {[%emt 0:00:00]} g6 {[%emt 0:00:00]} 3. c4 {[%emt 0:00:01]} Bg7 {[%emt 0:00:00]} 4. Nc3 {[%emt 0:00:01]} d5 {[%emt 0:00:00]} 5. Bd3 {[%emt 0:00:01]} dxc4 {[%emt 0:00:01]} 6. Bxc4 {[%emt 0:00:01]} O-O {[%emt 0:00:00]} 7. Qc2 {[%emt 0:00:01]} b6 {[%emt 0:00:01]} 8. Bd3 {[%emt 0:00:00]} Bb7 {[%emt 0:00:00]} 9. f3 {[%emt 0:00:01]} Nbd7 {[%emt 0:00:00]} 10. Bd2 {[%emt 0:00:00]} c5 {[%emt 0:00:00]} 11. h4 {[%emt 0:00:01]} cxd4 {[%emt 0:00:01]} 12. exd4 {[%emt 0:00:01]} Rc8 {[%emt 0:00:00]} 13. Nh3 {[%emt 0:00:01]} h5 {[%emt 0:00:01]} 14. Ng5 {[%emt 0:00:01]} Nd5 {[%emt 0:00:01]} 15. Bxg6 {[%emt 0:00:01]} Nb4 {[%emt 0:00:05]} 16. Bh7+ {[%emt 0:00:01]} Kh8 {[%emt 0:00:01]} 17. Qb1 {[%emt 0:00:01]} Bh6 {[%emt 0:00:06]} 18. Bg8 {[%emt 0:00:02]} Kg7 {[%emt 0:00:01]} 19. Qh7+ {[%emt 0:00:03]} Kf6 {[%emt 0:00:01]} 20. Nce4+ {[%emt 0:00:05]} Bxe4 {[%emt 0:00:02]} 21. Nxe4+ {[%emt 0:00:01]} Ke6 {[%emt 0:00:01]} 22. Bxh6 {[%emt 0:00:06]} Rxg8 {[%emt 0:00:02]} 23. Ng5+ {[%emt 0:00:07]} Kd5 {[%emt 0:00:02]} 24. Qe4+ {[%emt 0:00:02]} Kd6 {[%emt 0:00:05]} 25. Qe5+ {[%emt 0:00:02]} Kc6 {[%emt 0:00:02]} 26. Rc1+ {[%emt 0:00:02]} Kb7 {[%emt 0:00:01]} 27. Qe4+ {[%emt 0:00:02]} Kb8 {[%emt 0:00:03]} 28. O-O {[%emt 0:00:02]} f6 {[%emt 0:00:04]} 29. Ne6 {[%emt 0:00:04]} Qe8 {[%emt 0:00:01]} 30. Bf4+ {[%emt 0:00:01]} Ne5 {[%emt 0:00:04]} 31. Bxe5+ {[%emt 0:00:01]} fxe5 {[%emt 0:00:02]} 32. Qxe5+ {[%emt 0:00:01]} Kb7 {[%emt 0:00:00]} 33. Nc7 {[%emt 0:00:03]} Qd7 {[%emt 0:00:02]} 34. Ne6 {[%emt 0:00:03]} Nc6 {[%emt 0:00:04] '} 35. Qe4 {[%emt 0:00:01]} Kb8 {[%emt 0:00:01]} 36. d5 {[%emt 0:00:01]} Na5 {[%emt 0:00:02] Âðåìÿ (Lag: Av=0.42s, max=1.4s) .} 0-1

[Event "Stay Safe Play From Home 224"]
[Site "T#646781Emanuel Laske"]
[Date "2020.06.14"]
[Round "1"]
[White "Klasman"]
[Black "little champs"]
[Result "0-1"]
[WhiteElo "1255"]
[BlackElo "2224"]
[Annotator "TA"]
[PlyCount "54"]
[EventDate "2020.06.14"]
[EventType "swiss (blitz)"]

{[%evp 9,54,-17,-19,-14,-33,-56,-22,-32,-24,-22,-11,-5,68,-33,37,37,41,42,41,0,25,-634,43,-319,52,-60,45,-61,88,-150,-164,-390,-235,-228,-225,-274,-264,-251,-240,-598,-232,-253,-244,-317,-308,-302,-293]} 1. f4 c6 2. e4 d5 3. e5 c5 4. Nf3 Nc6 5. Bb5 Bd7 6. d4 {B10: Caro-Kann: 2 d3 and 2 c4.} e6 7. Bxc6 Bxc6 8. c3 {[#] The position is equal.} Rc8 $146 ({Predecessor:} 8... Nh6 9. O-O Be7 10. Be3 Qb6 11. Qd2 Bb5 12. Re1 Ng4 13. dxc5 Bxc5 14. Bxc5 Qxc5+ {0-1 (35) Hahlbohm,M (2069)-Landt,S (1903) Berlin 2015}) 9. O-O Bb5 10. Rf2 Ne7 (10... Bd7 $11) 11. Be3 (11. dxc5 $14 Bd7 12. b4) 11... g6 (11... Nf5 $15 12. Qd2 Bd7) 12. dxc5 $14 Nf5 13. Bd4 Bxc5 14. Qb3 Qd7 {Threatens to win with ...Ba4.} (14... Qb6 $5 15. Na3 Bxd4 16. Nxd4 Nxd4 17. cxd4 Bd7 $11) 15. Na3 $2 {[%mdl 8192]} (15. Bxc5 $11 Rxc5 16. Na3) 15... Ba6 $2 ({Black should play} 15... Ba4 $19 16. Bxc5 Bxb3 17. Bxa7 Ba4) 16. Ng5 $2 {[%mdl 8192]} (16. Bxc5 $14 Rxc5 17. Qd1) 16... O-O $2 ({Less strong is} 16... Bxd4 17. cxd4 Nxd4 18. Qd1 $17) ({Black should try} 16... Nxd4 $19 17. cxd4 Bxd4) 17. Nf3 ({White must play} 17. Bxc5 $14 Rxc5 18. Qd1) 17... Rc7 (17... Nxd4 $15 18. cxd4 Bb6) 18. g4 (18. Bxc5 $14 Rxc5 19. Qd1) 18... Ng7 (18... Nxd4 $15 19. cxd4 Be7) 19. f5 $2 (19. Bxc5 $16 Rxc5 20. Qd1) 19... exf5 $17 20. e6 $2 (20. Bxc5 {was necessary.} Rxc5 21. Qb4) 20... fxe6 21. Bxc5 Rxc5 22. Re1 fxg4 23. Ne5 Qc8 {Hoping for ...Rxf2.} 24. Nc2 $2 (24. Rxf8+ {is a better chance.} Qxf8 25. Qd1) 24... Nf5 $2 (24... Rxf2 25. Kxf2 d4 $1 {[%mdl 512]}) 25. Nd4 {[#]} Nxd4 $1 26. cxd4 Rxf2 27. Kxf2 Rc2+ {Accuracy: White = 30%, Black = 29%.} 0-1

[Event "Stay Safe Play From Home 224"]
[Site "T#646781Emanuel Laske"]
[Date "2020.06.14"]
[Round "2"]
[White "little champs"]
[Black "Mepe_Nika"]
[Result "0-1"]
[WhiteElo "2225"]
[BlackElo "2364"]
[Annotator "TA"]
[PlyCount "72"]
[EventDate "2020.06.14"]
[EventType "swiss (blitz)"]

{[%evp 12,72,8,-28,-7,0,2,0,0,0,0,0,8,-26,39,-1,29,12,6,5,20,0,81,20,20,20,17,17,17,17,72,0,7,-36,-16,-19,-8,-39,-44,-82,-97,-149,-35,-1069,-47,-4886,-4465,-2642,-2462,-29989,-29989,-29992,-29993,-29993,-29989,-29989,-29990,-29993,-29994,-29997,-29998,-29998,-29999]} 1. d4 c5 2. e3 cxd4 3. exd4 d5 4. Nf3 Nc6 5. Be2 Bg4 6. O-O e6 7. Nc3 {[%cal Bb1c3,Bc3e2,Be2f4][%mdl 32]} Nf6 {B13: Caro-Kann: Exchange Variation and Panov-Botvinnik Attack.} 8. h3 Bxf3 9. Bxf3 Bd6 {[#] The position is equal.} 10. Ne2 $146 ({Predecessor:} 10. Be3 O-O 11. Re1 Rc8 12. a3 Na5 13. Re2 a6 14. Na4 b5 15. Nc5 Bxc5 16. dxc5 {0-1 (33) Galang,E (1829)-Tabudlong,Z (1664) Davao City 2020}) 10... O-O 11. c3 Rc8 12. Nf4 Ne4 (12... b5 $11) 13. Nd3 Bb8 14. Bf4 Bxf4 15. Nxf4 Qd6 16. Nd3 e5 (16... Ng5 $11) 17. Bxe4 (17. Nxe5 $16 Nxe5 18. dxe5 Qxe5 19. Re1) 17... dxe4 $11 18. Nxe5 Nxe5 19. dxe5 Qxe5 20. Re1 b6 (20... Rcd8 $11 {keeps the balance.} 21. Qb3 b6) 21. Qc2 (21. Qa4 $16) 21... Rfe8 22. f3 {[%cal Re1e4]} e3 {Hoping for ...e2.} 23. Re2 f5 $36 {[%mdl 2048] Black is more active.} 24. Rae1 f4 25. Qb3+ Kh8 26. g3 (26. Qa4 $142) 26... Rcd8 (26... Qg5 $17 27. Rg2 fxg3) 27. Kg2 $2 {[%mdl 8192] [#]} (27. Qf7 $15) 27... h6 $2 ({Better is} 27... Qg5 $1 $19 {[%cal Rg5g3]} 28. g4 Qh4) 28. c4 $2 {[%mdl 8192] [#]} (28. Qf7 $15) 28... Qg5 $1 $19 {[%mdl 512]} 29. g4 Qh4 {( -> ...Rd2)} 30. Kh1 Qxh3+ {Black mates.} 31. Rh2 Qxf3+ 32. Kg1 Qxg4+ 33. Rg2 Qh4 34. Rf1 e2 35. Qc3 exf1=Q+ {[%mdl 64] Back Rank} 36. Kxf1 Rd1+ {Accuracy: White = 43%, Black = 62%.} 0-1

[Event "Stay Safe Play From Home 224"]
[Site "T#646781Emanuel Laske"]
[Date "2020.06.14"]
[Round "2"]
[White "Lazieri3"]
[Black "SoulofWolf"]
[Result "1-0"]
[WhiteElo "2082"]
[BlackElo "2132"]
[Annotator "TA"]
[PlyCount "113"]
[EventDate "2020.06.14"]
[EventType "swiss (blitz)"]

{[%evp 10,113,56,41,91,58,131,133,143,72,70,74,97,58,73,66,215,207,371,381,488,493,560,549,1017,1012,1012,965,966,924,1003,953,1019,937,1016,974,1295,1285,1243,1029,1005,1000,1105,1027,1077,1069,1309,1301,1612,1553,1831,1685,1692,1680,1654,1657,2636,1702,1691,1702,1520,1432,1517,1512,2558,2453,2139,2226,29988,1716,29988,29989,29989,29983,29982,29984,29983,29979,29984,29985,29986,29987,29987,29988,29988,29989,29992,29989,29992,29991,29997,29998,29998,29997,29997,29994,29994,29995,29996,29996,29996,29997,29997,29998,29998,29999]} 1. e4 d6 2. Nc3 Nf6 3. d4 Nbd7 4. f3 g6 5. Be3 Bg7 6. Qd2 b6 {B07: Pirc Defence: Miscellaneous Systems.} 7. Bh6 {[#]} Rg8 $146 ({Black should play} 7... Bxh6 $14 8. Qxh6 e5) ({Predecessor:} 7... Bxh6 8. Qxh6 Bb7 9. g4 e5 10. d5 a6 11. O-O-O Ng8 12. Qe3 Ne7 13. h4 h6 14. Bd3 {½-½ (41) Klein,K (1965)-Loga,W (1739) Bregenz 2018}) 8. Bxg7 Rxg7 {White is clearly better.} 9. Qh6 (9. O-O-O $142) 9... Kf8 $16 10. Nh3 Bb7 11. Ng5 a6 12. Bc4 e6 {[#] This move loses the game for Black.} (12... Kg8 $14) 13. Bxe6 $1 $18 {[%mdl 512]} Qe7 $2 (13... Kg8 {was called for.} 14. Bb3 Qe7) (13... fxe6 14. Nxe6+) 14. Bxf7 b5 15. Bb3 b4 16. Ne6+ {[%mdl 64] Double Attack, Pin} Ke8 17. Nxg7+ Kd8 18. Ne6+ Kc8 19. Ne2 c6 20. O-O-O Kb8 21. Qf4 Nh5 22. Qe3 Ndf6 23. d5 c5 24. c4 Nd7 25. f4 Ka7 26. g4 Nhf6 27. h3 Rf8 28. e5 dxe5 29. fxe5 Ne8 30. Rhf1 Rxf1 31. Rxf1 Ng7 32. Nxg7 Qxg7 33. Nf4 Qxe5 34. Qxe5 Nxe5 35. d6 Bc6 36. Re1 Nf3 37. Re7+ {[%mdl 64] Double Attack} Kb8 38. Rxh7 Kc8 39. Nd5 (39. Rc7+ $142 Kb8 40. Rxc6 {[%mdl 64] Double Attack} Ne5 41. Rxc5 Nf7 42. d7 Kb7 43. Nd5 Nd8 44. Rc7+ Kb8 45. Ba4) 39... Bxd5 40. cxd5 {White mates.} Ne5 {[#]} 41. d7+ $1 Nxd7 {[#]} 42. Rxd7 $1 Kxd7 {[%mdl 4096] Endgame KB-KP} 43. Bc4 Kd6 44. h4 a5 45. h5 gxh5 46. gxh5 {KB-K3P} Ke7 47. h6 Kf8 48. Bd3 Kg8 49. d6 Kh8 50. d7 {[%cal Rd7d8]} Kg8 51. d8=Q+ Kf7 52. Qh8 Ke6 53. h7 Kd5 54. Qg8+ Kc6 55. h8=Q a4 56. Qg6+ Kd5 57. Qd8+ {Accuracy: White = 67%, Black = 18%.} 1-0

[Event "Stay Safe Play From Home 224"]
[Site "T#646781Emanuel Laske"]
[Date "2020.06.14"]
[Round "2"]
[White "Sfantul321"]
[Black "Klasman"]
[Result "1-0"]
[WhiteElo "1978"]
[BlackElo "1255"]
[Annotator "NA RC"]
[PlyCount "49"]
[EventDate "2020.06.14"]
[EventType "swiss (blitz)"]

1. c4 {[%emt 0:00:00]} f5 {[%emt 0:00:01]} 2. Nc3 {[%emt 0:00:00]} Nf6 {[%emt 0:00:01]} 3. g3 {[%emt 0:00:00]} e6 {[%emt 0:00:01]} 4. Bg2 {[%emt 0:00:00]} c6 {[%emt 0:00:01]} 5. e3 {[%emt 0:00:01]} d5 {[%emt 0:00:01]} 6. cxd5 {[%emt 0:00:00]} cxd5 {[%emt 0:00:01]} 7. d4 {[%emt 0:00:00]} Nc6 {[%emt 0:00:01]} 8. Nge2 {[%emt 0:00:00]} Bb4 {[%emt 0:00:01]} 9. O-O {[%emt 0:00:00]} Ne4 {[%emt 0:00:03]} 10. Qc2 {[%emt 0:00:02]} O-O {[%emt 0:00:02]} 11. f3 {[%emt 0:00:01]} Nxc3 {[%emt 0:00:04]} 12. bxc3 {[%emt 0:00:01]} Bd6 {[%emt 0:00:01]} 13. Rb1 {[%emt 0:00:01]} b6 {[%emt 0:00:03]} 14. Bd2 {[%emt 0:00:01]} Ba6 {[%emt 0:00:02]} 15. Rfe1 {[%emt 0:00:01]} e5 {[%emt 0:00:05]} 16. Nc1 {[%emt 0:00:02]} e4 {[%emt 0:00:01]} 17. Qa4 {[%emt 0:00:02]} Nb8 {[%emt 0:00:07]} 18. f4 {[%emt 0:00:04]} g5 {[%emt 0:00:03]} 19. Bh3 {[%emt 0:00:03]} gxf4 {[%emt 0:00:02]} 20. exf4 {[%emt 0:00:01]} Qf6 {[%emt 0:00:03]} 21. Bf1 {[%emt 0:00:03]} Qg6 {[%emt 0:00:01]} 22. Bxa6 {[%emt 0:00:02]} h5 {[%emt 0:00:02]} 23. Bf1 {[%emt 0:00:05]} h4 {[%emt 0:00:01]} 24. Kf2 {[%emt 0:00:02]} Rf7 {[%emt 0:00:04]} 25. Qb3 {[%emt 0:00:03] Time (Lag: Av=0.32s, max=0.4s)} 1-0